Создание устройства для проведения медицинских исследований по разработке новых методик сочетанной внутриполостной физиотерапии: диссертация на соискание ученой степени кандидата технических наук; спец. 05.11.17

Detalles Bibliográficos
Autor Principal: Педонова З. Н. Зоя Николаевна
Autor Corporativo: Новосибирский государственный технический университет (НГТУ)
Outros autores: Лисицына Л. И. Лилия Ивановна (научный руководитель)
Summary:Заглавие с титульного экрана
Электронная версия печатной публикации
Idioma:ruso
Publicado: Новосибирск, 2018
Subjects:
Acceso en liña:http://earchive.tpu.ru/handle/11683/52789
Formato: Electrónico Libro
KOHA link:https://koha.lib.tpu.ru/cgi-bin/koha/opac-detail.pl?biblionumber=341798

MARC

LEADER 00000nlm0a2200000 4500
001 341798
005 20231102005402.0
035 |a (RuTPU)RU\TPU\book\370063 
035 |a RU\TPU\book\370062 
090 |a 341798 
100 |a 20181024d2018 k y0rusy50 ca 
101 0 |a rus 
102 |a RU 
105 |a a m 000zy 
135 |a drcn ---uucaa 
181 0 |a i  
182 0 |a b 
200 1 |a Создание устройства для проведения медицинских исследований по разработке новых методик сочетанной внутриполостной физиотерапии  |b Электронный ресурс  |e диссертация на соискание ученой степени кандидата технических наук  |e спец. 05.11.17  |f З. Н. Педонова  |g Новосибирский государственный технический университет (НГТУ) ; науч. рук. Л. И. Лисицына 
203 |a Текст  |c электронный 
210 |a Новосибирск  |d 2018 
215 |a 1 файл (4 535 KB) 
230 |a Электронные текстовые данные (1 файл : 4 535 KB) 
300 |a Заглавие с титульного экрана 
300 |a Электронная версия печатной публикации 
452 1 |0 (RuTPU)RU\TPU\book\371005  |t Создание устройства для проведения медицинских исследований по разработке новых методик сочетанной внутриполостной физиотерапии  |o диссертация на соискание ученой степени кандидата технических наук  |o спец. 05.11.17  |f З. Н. Педонова  |g Новосибирский государственный технический университет (НГТУ) ; науч. рук. Л. И. Лисицына  |c Новосибирск  |n [Б.и.]  |d 2008  |p 140 л.  |a Педонова, Зоя Николаевна 
606 1 |a Физиотерапия  |2 stltpush  |3 (RuTPU)RU\TPU\subj\63789  |9 80726 
610 1 |a электронный ресурс 
610 1 |a диссертации 
610 1 |a медицинские исследования 
610 1 |a многофункциональные устройства 
610 1 |a медицинские изделия 
610 1 |a физические поля 
610 1 |a заболевания 
610 1 |a магнитные поля 
610 1 |a электрические поля 
610 1 |a ультразвук 
610 1 |a лазерные излучения 
610 1 |a тепловые излучения 
610 1 |a численный анализ 
610 1 |a электромагнитные поля 
610 1 |a математическое моделирование 
610 1 |a зонды 
675 |a 615.83(04)  |v 4 
686 |a 05.11.17  |2 oksvnk 
700 1 |a Педонова  |b З. Н.  |g Зоя Николаевна 
702 1 |a Лисицына  |b Л. И.  |g Лилия Ивановна  |4 727 
712 0 2 |a Новосибирский государственный технический университет (НГТУ)  |c (1992- )  |2 stltpush  |3 (RuTPU)RU\TPU\col\36 
801 2 |a RU  |b 63413507  |c 20190212  |g RCR 
856 4 |u http://earchive.tpu.ru/handle/11683/52789 
942 |c CF